10 Biggest Cities in Each North American Country - Statistics

General Stats
  • This quiz has been taken 59 times
  • The average score is 66 of 212
Answers on the Map
Answers color-coded by a green-red scale on the quiz's map according to % correct below.
 
Answer Stats
Country Population Answer % Correct
USA 2,664,452 Chicago
95%
USA 8,258,035 New York
95%
Canada 5,647,656 Toronto
95%
Mexico 8,843,706 Ciudad de México
92%
USA 1,302,868 Dallas
92%
USA 3,820,914 Los Angeles
92%
Canada 2,426,160 Vancouver
92%
USA 2,314,157 Houston
89%
Canada 3,675,219 Montréal
89%
Canada 1,068,821 Ottawa
89%
USA 1,650,070 Phoenix
89%
USA 1,388,320 San Diego
87%
USA 985,843 Jacksonville
84%
USA 1,550,542 Philadelphia
84%
USA 1,495,295 San Antonio
84%
Canada 1,305,550 Calgary
82%
Panama 1,132,969 Ciudad de Panamá
82%
Cuba 2,137,847 La Habana
82%
Costa Rica 1,453,500 San José
82%
Canada 1,151,635 Edmonton
79%
Mexico 1,385,621 Guadalajara
79%
Canada 733,156 Québec
79%
Dominican Republic 2,752,784 Santo Domingo
79%
Honduras 1,132,000 Tegucigalpa
79%
Jamaica 584,627 Kingston
76%
St Vincent and the Grenadines 13857 Kingstown
76%
Haiti 875,978 Port-au-Prince
76%
El Salvador 316,090 San Salvador
76%
Mexico 1,810,645 Tijuana
76%
Canada 758,515 Winnipeg
76%
Guatemala 923,392 Ciudad de Guatemala
74%
Nicaragua 1,055,111 Managua
74%
Mexico 1,142,952 Monterrey
74%
Mexico 1,501,551 Ciudad Juárez
71%
Belize 21,974 Belmopan
68%
Mexico 1,579,803 León
68%
Nicaragua 177,270 León
68%
Bahamas 246,329 Nassau
68%
Trinidad and Tobago 37,074 Port of Spain
66%
Mexico 1,542,232 Puebla
66%
Belize 65,222 Belize
63%
Canada 729,560 Hamilton
63%
Antigua and Barbuda 22,219 Saint John's
61%
Barbados 98,511 Bridgetown
55%
St Lucia 35,883 Castries
55%
Mexico 1,643,623 Ecatepec de Morelos
55%
Dominica 14,725 Roseau
55%
Belize 16,117 San Pedro
55%
El Salvador 198,251 Santa Ana
55%
Cuba 431,411 Santiago de Cuba
53%
St Kitts and Nevis 13220 Basseterre
50%
Cuba 310,819 Camagüey
50%
Canada 522,888 Kitchener
50%
Grenada 4315 Saint George’s
50%
Cuba 213,375 Guantánamo
47%
El Salvador 155,958 San Miguel
47%
Honduras 701,200 San Pedro Sula
47%
Cuba 302,890 Holguín
45%
Jamaica 110,115 Montego Bay
45%
Cuba 217,907 Santa Clara
45%
Mexico 1,257,547 Zapopan
45%
Bahamas 1,437 George Town
42%
Haiti 155,505 Cap-Haïtien
39%
Nicaragua 106,719 Granada
39%
Costa Rica 367,900 Heredia
39%
Honduras 209,000 La Ceiba
39%
Trinidad and Tobago 15,772 San Juan
39%
Costa Rica 196,900 Alajuela
37%
Costa Rica 65,300 Limón
37%
Guatemala 463,019 Mixco
37%
Mexico 1,072,676 Nezahualcóyotl
37%
Dominican Republic 612,595 Santiago de los Caballeros
37%
Jamaica 147,152 Spanish Town
37%
Haiti 430,250 Carrefour
34%
Jamaica 182,153 Portmore
34%
Trinidad and Tobago 48,838 San Fernando
34%
Costa Rica 232,300 Cartago
32%
Trinidad and Tobago 83,516 Chaguanas
32%
Cuba 153,048 Cienfuegos
32%
El Salvador 91,212 Colón
32%
Panama 159,157 Colón
32%
Bahamas 28,000 Freeport
32%
Guatemala 180,706 Quetzaltenango
32%
Dominican Republic 167,466 San Cristóbal
32%
El Salvador 241,403 Soyapango
32%
Cuba 159,014 Bayamo
29%
Haiti 359,451 Delmas
29%
Guatemala 145,880 Jutiapa
29%
Cuba 176,139 Las Tunas
29%
Guatemala 426,316 Villa Nueva
29%
Honduras 83,650 Villanueva
29%
Haiti 228,725 Gonaïves
26%
Panama 205,959 La Chorrera
26%
Cuba 145,034 Matanzas
26%
Bahamas 1,551 Spanish Wells
26%
Honduras 220,300 Choloma
24%
Guatemala 212,047 Cobán
24%
Dominican Republic 210,278 Higüey
24%
Guatemala 159,840 Jalapa
24%
Haiti 271,175 Pétionville
24%
Haiti 122,747 Saint-Marc
24%
Belize 21,690 San Ignacio
24%
El Salvador 108,840 Santa Tecla
24%
Honduras 99,980 Choluteca
21%
Panama 103,915 David
21%
Antigua and Barbuda 666 English Harbour
21%
Bahamas 4,368 Marsh Harbour
21%
Haiti 99,580 Port-de-Paix
21%
Antigua and Barbuda 3,412 All Saints
18%
Haiti 241,055 Cité Soleil
18%
Bahamas 1,762 Dunmore Town
18%
Honduras 120,600 El Progreso
18%
Dominican Republic 265,313 La Romana
18%
Costa Rica 59,100 Liberia
18%
Jamaica 28,912 Old Harbour
18%
Dominican Republic 207,378 San Pedro de Macorís
18%
Costa Rica 40,600 San Ramón de los Palmares
18%
Barbados 3,634 Speightstown
18%
Nicaragua 115,687 Chinandega
16%
Nicaragua 112,132 Estelí
16%
Dominica 1,552 Massacre
16%
Bahamas 1,938 Murphy Town
16%
Belize 14,705 Orange Walk
16%
Dominican Republic 132,878 Puerto Plata
16%
Costa Rica 87,500 Puntarenas
16%
Grenada 12486 Saint David’s
16%
Dominican Republic 143,726 San Francisco de Macorís
16%
Bahamas 1,418 Bailey Town
13%
Honduras 120,500 Comayagua
13%
Barbados 727 Crab Hill
13%
Dominican Republic 123,677 La Vega
13%
Dominican Republic 282,799 Los Alcarrizos
13%
Nicaragua 140,721 Masaya
13%
Nicaragua 114,120 Matagalpa
13%
El Salvador 140,751 Mejicanos
13%
Guatemala 129,124 Petapa
13%
Dominica 4,167 Portsmouth
13%
El Salvador 123,095 Apopa
11%
Trinidad and Tobago 33,606 Arima
11%
Antigua and Barbuda 2,053 Bolans
11%
St Kitts and Nevis 2500 Cayon
11%
Panama 57,412 Chitré
11%
Belize 9,726 Corozal
11%
El Salvador 95,574 Delgado
11%
Guatemala 156,313 Escuintla
11%
El Salvador 88,883 Ilopango
11%
Panama 62,300 Nueva Esperanza
11%
Nicaragua 86,279 Puerto Cabezas
11%
Barbados 935 The Crane
11%
Nicaragua 150,597 Tipitapa
11%
Belize 1,395 Armenia
8%
Nicaragua 130,357 Ciudad Sandino
8%
Antigua and Barbuda 1,325 Codrington
8%
Barbados 1,350 Holetown
8%
Jamaica 61,548 May Pen
8%
St Lucia 2,131 Micoud
8%
Barbados 2,285 Oistins
8%
Dominica 1,746 Saint Joseph
8%
Costa Rica 66,300 San Isidro de El General
8%
Guatemala 155,965 San Juan Sacatepéquez
8%
Panama 84,524 Arraiján
5%
St Lucia 1,850 Augier
5%
Antigua and Barbuda 537 Barnes Hill
5%
Barbados 1,765 Bathsheba
5%
Dominica 2,134 Berricoa
5%
Barbados 623 Blackmans
5%
St Vincent and the Grenadines 24205 Calliaqua
5%
Antigua and Barbuda 789 Cedar Grove
5%
Belize 9,649 Dangriga
5%
Honduras 80,200 Danlí
5%
Bahamas 2,890 Dundas Town
5%
Grenada 3378 Gouyave
5%
Barbados 623 Greenland
5%
Grenada 2476 Grenville
5%
Honduras 80,740 La Lima
5%
Jamaica 49,695 Mandeville
5%
Dominica 2,411 Marigot
5%
Jamaica 16,671 Ocho Rios
5%
Dominica 1,664 Pointe Michel
5%
Trinidad and Tobago 20,235 Point Fortin
5%
Belize 5,453 Punta Gorda
5%
Dominica 2,147 Salisbury
5%
Costa Rica 57,500 San Rafael de Alajuela
5%
St Lucia 1,771 Soufrière
5%
St Lucia 1,812 Balata
3%
St Vincent and the Grenadines 5884 Barrouallie
3%
St Lucia 1,685 Beausejour
3%
Antigua and Barbuda 973 Bendals
3%
Belize 7,160 Benque Viejo del Carmen
3%
Dominica 3,324 Canefield
3%
St Kitts and Nevis 1500 Charlestown
3%
St Vincent and the Grenadines 5756 Chateaubelair
3%
St Lucia 2,471 Ciceron
3%
Antigua and Barbuda 1,459 Clare Hall
3%
St Lucia 1,576 Corinth
3%
Antigua and Barbuda 788 Crosbies
3%
St Lucia 1,697 Dennery
3%
Barbados 519 Hillaby
3%
St Lucia 2,401 Laborie
3%
Panama 55,031 Las Garzas
3%
Jamaica 15,231 Linstead
3%
Dominica 2,113 Mahaut
3%
Trinidad and Tobago 17,591 Morvant
3%
Trinidad and Tobago 13,873 Penal
3%
St Vincent and the Grenadines 847 Port Elizabeth
3%
Trinidad and Tobago 20,710 Sangre Grande
3%
Panama 51,339 Santiago de Veraguas
3%
Jamaica 22,633 Savanna-la-Mar
3%
Haiti 99,011 Tabarre
3%
Bahamas 1,187 Treasure Cay
3%
Trinidad and Tobago 16,701 Tunapuna
3%
Panama 128,973 Vista Alegre
3%
No matching quizzes found
Score Distribution
Percent of People with Each Score
Percentile by Number Answered
Your Score History
You have not taken this quiz